भीष्म पितामाह / (Record no. 39873)
[ view plain ]
| 000 -LEADER | |
|---|---|
| fixed length control field | 01393nam a22002897a 4500 |
| 005 - DATE AND TIME OF LATEST TRANSACTION | |
| control field | 20100806153634.0 |
| 010 ## - LCCN (DPL NO) | |
| LC control number | HIN-90036 |
| 020 ## - INTERNATIONAL STANDARD BOOK NUMBER | |
| Terms of availability | 250.00 |
| International Standard Book Number | 8180830314 |
| 035 ## - SYSTEM CONTROL NUMBER | |
| System control number | HN-62382 |
| 037 ## - SOURCE OF ACQUISITION | |
| Source of stock number/acquisition | DBAD / VEN |
| 082 ## - DEWEY DECIMAL CLASSIFICATION NUMBER | |
| Classification number | 921 |
| 100 ## - MAIN ENTRY--PERSONAL NAME | |
| Personal name | विनय |
| 245 ## - TITLE STATEMENT | |
| Title | भीष्म पितामाह / |
| Statement of responsibility, etc | विनय |
| 246 ## - VARYING FORM OF TITLE | |
| Title proper/short title | Bhishma Pitamah |
| Remainder of title | by Vinay |
| 260 ## - PUBLICATION, DISTRIBUTION, ETC. (IMPRINT) | |
| Place of publication, distribution, etc | दिल्ली |
| Name of publisher, distributor, etc | विमल पुस्तक मंदिर |
| Date of publication, distribution, etc | 2010 |
| 260 ## - PUBLICATION, DISTRIBUTION, ETC. (IMPRINT) | |
| Place of publication, distribution, etc | दिल्ली |
| Name of publisher, distributor, etc | सुरेन्द्र कुमार एण्ड सन्ज |
| Date of publication, distribution, etc | 2010 |
| 270 ## - ADDRESS | |
| Address | 430, महाराम मौहल्ला, शाहदरा |
| City | दिल्ली |
| Postal code | 110032 |
| 270 ## - ADDRESS | |
| Address | 30/21-22ए, गली नं-9, विश्वास नगर, शाहदरा |
| City | दिल्ली |
| Telephone number | 110032 |
| 300 ## - PHYSICAL DESCRIPTION | |
| Extent | 184पृ |
| Dimensions | 22सेमी (सजिल्द) |
| 490 ## - SERIES STATEMENT | |
| Series statement | महाभारत के युगान्तकारी पात्र:माला |
| -- | 11915 |
| 700 ## - ADDED ENTRY--PERSONAL NAME | |
| 9 (RLIN) | 7228 |
| 700 ## - ADDED ENTRY--PERSONAL NAME | |
| 9 (RLIN) | 7267 |
| 700 ## - ADDED ENTRY--PERSONAL NAME | |
| 9 (RLIN) | 7698 |
| 942 ## - ADDED ENTRY ELEMENTS (KOHA) | |
| Institution code [OBSOLETE] | dpl |
| Item type | Hindi Books |
| Call number prefix | |
| Source of classification or shelving scheme | Dewey Decimal Classification |
| Call number suffix | विनय |
| Classification part | 921 |
| Withdrawn status | Lost status | Not for loan | Collection code | Home library | Current library | Date acquired | Source of acquisition | Cost, normal purchase price | Full call number | Barcode | Copy number | Cost, replacement price | Koha item type |
|---|---|---|---|---|---|---|---|---|---|---|---|---|---|
| Not For Loan | Non-fiction | D.B.Act.Division | D.B.Act.Division | 06/08/2010 | DBAD/PUB | 250.00 | 921 विनय | HN-62382 | 1 | 250.00 | Hindi Books |
